Hồ Ngọc Đại - Bài báo

Gồm hơn 100 bài viết rút ra từ các báo, tạp chí trong đó tác giả đề cập đến những vấn đề lý luận chung về giáo dục cũng như bàn đến công nghệ giáo dục và giáo dục dưới nhiều góc độ, khía cạnh khác nhau như tâm lý, văn hoá, xã hội...

Полное описание

Сохранить в:
Библиографические подробности
Главный автор: Hồ Ngọc Đại (Tác giả)
Формат:
Язык:Vietnamese
Опубликовано: H. Lao Động 2000
Предметы:
Метки: Добавить метку
Нет меток, Требуется 1-ая метка записи!
Thư viện lưu trữ: Mạng thư viện Đại học Đà Nẵng
LEADER 01433nam a2200373 4500
001 000006324
003 2479
005 20120329080323.0
008 110908s2000 viesd
020 |c 130000đ 
041 0 |a vie 
082 |a 070  |b HÔ-Đ 
100 0 |a Hồ Ngọc Đại 
245 0 |a Hồ Ngọc Đại - Bài báo  |c Hồ Ngọc Đại 
260 |a H.  |b Lao Động  |c 2000 
300 |a 1017 tr  |c 21 cm 
520 |a Gồm hơn 100 bài viết rút ra từ các báo, tạp chí trong đó tác giả đề cập đến những vấn đề lý luận chung về giáo dục cũng như bàn đến công nghệ giáo dục và giáo dục dưới nhiều góc độ, khía cạnh khác nhau như tâm lý, văn hoá, xã hội 
653 |a Giáo dục học 
653 |a Bài báo 
653 |a Lí luận 
653 |a Văn hoá 
653 |a Việt Nam 
700 |a Hồ Ngọc Đại  |e Tác giả 
910 |a Nguyễn Thị Kim Oanh  |d 07/09/2011 
OWN |a LSP 
AVA |a UDN50  |b LSP  |d 070 HÔ-Đ  |e available  |t Error 5001 Not defined in file expand_doc_bib_avail.  |f 2  |g 0  |h N  |i 1  |k 1 
999 |a From the UDN01 
AVA |a UDN50  |b LSP  |d 070 HÔ-Đ  |e available  |t Error 5001 Not defined in file expand_doc_bib_avail.  |f 2  |g 0  |h N  |i 1  |k 1 
TYP |a Monograph 
TYP |a Printed language 
980 |a Mạng thư viện Đại học Đà Nẵng